| 000 | 01208nmm a2200337 a 4500 | ||
|---|---|---|---|
| 001 | ocm000940648 | ||
| 003 | TR-IsHL | ||
| 005 | 20201028150054.0 | ||
| 008 | 150110s2014 tu tur | ||
| 007 | cr cn | ||
| 020 | _a9789944905770 | ||
| 035 |
_a940648 _b(N$T) |
||
| 050 | 0 | 4 |
_aBP187.3 _b.M45 2014 |
| 090 | 0 | 4 |
_aBP187.3 _b.M45 2014 |
| 245 | 1 | 0 |
_aMekke-i mükerreme ve Medine-i münevvere: mübarek mekanlar - ziyaret yerleri _h[electronic resource] / _chaz. Adem Fidan |
| 250 | _a4. bs. | ||
| 260 |
_aİstanbul : _bÇamlıca Basım Yayın, _c2014 |
||
| 300 | _a97 p. | ||
| 650 | 4 | _aFelsefe, Psikoloji ve Din | |
| 650 | 4 | _aPhilosophy, Psychology and Religion | |
| 650 | 0 | _aKabah (Mecca, Saudi Arabia) | |
| 650 | 0 |
_aMuslim pilgrims and pilgrimages _x Saudi Arabia _x Mecca |
|
| 650 | 0 | _aMecca (Saudi Arabia) | |
| 650 | 0 | _aMedina (Saudi Arabia) | |
| 650 | 0 |
_aMüslüman hacılar ve hac _x Suudi Arabistan _x Mekke |
|
| 650 | 0 | _aMekke (Suudi Arabistan) | |
| 650 | 0 |
_aMedine _x (Suudi Arabistan) |
|
| 650 | 7 |
_aTRAVEL / Middle East / General _2bisacsh |
|
| 700 | 1 | _aFidan, Adem | |
| 856 | 4 | 0 | _uhttp://search.ebscohost.com/login.aspx?direct=true&scope=site&db=e011xww&AN=940648 |
| 999 |
_c10278 _d10278 |
||